Τα μαγαζιά της κανέλας

Saved in:
Bibliographic Details
Main Author: Schulz, Bruno 1892-1942
Format: Book
Language:Greek
Polish
Published: Αθήνα : Νεφέλη, 1988
Subjects:
Tags: Add Tag
No Tags, Be the first to tag this record!

MARC

LEADER 00000cam a2200000 i 4500
001 1/3831
008 100129s1988 gre d
020 |a 960-211-017-1 
035 |l 10106518 
040 |a GR-MY-UA  |b gre  |e aacr 
041 1 |a gre  |h pol 
082 0 |a 891.853  |2 (22) 
100 1 |a Schulz, Bruno  |d 1892-1942. 
245 1 3 |a Τα μαγαζιά της κανέλας /  |c Μπρούνο Σούλτς ; μετάφραση: Δημήτρης Χουλιαράκης 
260 |a Αθήνα :   |b Νεφέλη,   |c 1988 
300 |a 140 σ., 8 φύλλα;  |b εικ. (χαρακτικά);  |c 17 εκ. 
500 |a Τίτλος πρωτοτύπου: Sklepy cynamonowe 
650 0 0 |a Polish fiction. 
852 |a INST  |b SYROS  |e 20100129  |h 891.853 SCH  |p 005500007889  |q 005500007889  |t BK  |y 0 
901 |a BIBL5-2010-1 
909 |a Ε  |b 160178 
970 |a ΚΟΝΤΟΥ  |b ΠΑΡΑΣΚΕΥΗ  |z 2010/01/29